Portfólio aktivít vybraných neziskových organizácií v oblasti zodpovedného podnikania

Vývoj neziskových organizácií v oblasti zodpovedného podnikania v SR. Kľúčoví aktéri zodpovedného podnikania. Úroveň inštitucionalizácie zodpovedného podnikania v podnikovom sektore. Mimovládne neziskové organizácie. Aktivity neziskových organizácií. Združenia podnikov: Business Leaders Forum, Klub...

Descrizione completa

Salvato in:
Dettagli Bibliografici
Autore principale: Kissová, Jana, 1979-
Altri autori: Dubcová, Gabriela, 1968-
Natura: Capitolo di libro
Lingua:slovacco
Soggetti:
Tags: Aggiungi Tag
Nessun Tag, puoi essere il primo ad aggiungerne!!

MARC

LEADER 00000nla a2200000 4500
001 0223846
005 20240523120424.2
041 0 |a slo 
044 |a SK 
245 1 0 |a Portfólio aktivít vybraných neziskových organizácií v oblasti zodpovedného podnikania 
520 |a Vývoj neziskových organizácií v oblasti zodpovedného podnikania v SR. Kľúčoví aktéri zodpovedného podnikania. Úroveň inštitucionalizácie zodpovedného podnikania v podnikovom sektore. Mimovládne neziskové organizácie. Aktivity neziskových organizácií. Združenia podnikov: Business Leaders Forum, Klub firemných darcov. 
610 2 0 |a organizácie neziskové 
610 2 0 |a nadácie 
610 2 0 |a združenia podnikov 
610 2 0 |a filantropia 
610 2 0 |a dary 
610 2 0 |a charita 
610 2 0 |a podnikanie zodpovedné 
610 2 0 |a zodpovednosť spoločenská 
100 1 |a Kissová, Jana, 1979- 
700 1 |a Dubcová, Gabriela, 1968-